书目信息 |
| 题名: |
高等数学
|
|
| 作者: | 顾强 主编 | |
| 分册: | ||
| 出版信息: | 南京 东南大学出版社 2004.10 |
|
| 页数: | 283页 | |
| 开本: | 26cm | |
| 丛书名: | ||
| 单 册: | ||
| 中图分类: | O13 | |
| 科图分类: | ||
| 主题词: | 高等数学--医学院校--教材 | |
| 电子资源: | ||
| ISBN: | 7-81089-736-5 | |
| 000 | 00762nam0 2200229 450 | |
| 001 | 0152697294 | |
| 005 | 20051110094319.18 | |
| 010 | @a7-81089-736-5@dCNY28.00 | |
| 100 | @a20050429d2004 km y0chiy0120 ea | |
| 101 | 0 | @achi |
| 102 | @aCN@b320000 | |
| 105 | @aa z 000yy | |
| 200 | 1 | @a高等数学@Agao deng shu xue@f顾强主编@Fgu qiang zhu bian |
| 210 | @a南京@c东南大学出版社@d2004.10 | |
| 215 | @a283页@c图@d26cm | |
| 330 | @a本书包括函数与极限、导数与微分、中值定理与导数的应用、不定积分、定积分及其应用、空间解析几何与向量代数等9章,书后附有习题答案和4套试卷。 | |
| 333 | @a高等医药院校药学专业教材 | |
| 606 | 0 | @a高等数学@x医学院校@j教材 |
| 690 | @aO13@v4 | |
| 701 | 0 | @a顾强@Agu qiang@4主编 |
| 801 | 0 | @aCN@bQSSK@c20051110 |
| 905 | @a10447@dO13@eG502 | |
| 高等数学/顾强主编.-南京:东南大学出版社,2004.10 |
| 283页:图;26cm |
| 使用对象:高等医药院校药学专业教材 |
| ISBN 7-81089-736-5:CNY28.00 |
| 本书包括函数与极限、导数与微分、中值定理与导数的应用、不定积分、定积分及其应用、空间解析几何与向量代数等9章,书后附有习题答案和4套试卷。 |
| ● |
| 相关链接 |
|
|
|
正题名:高等数学
索取号:O13/G502
 
预约/预借
| 序号 | 登录号 | 条形码 | 馆藏地/架位号 | 状态 | 备注 |
| 1 | 573481 | 205734810 | 自科二线504/504自科库 35排2列4层/ [索取号:O13/G502] | 在馆 | |
| 2 | 573482 | 205734829 | 自科二线504/504自科库 35排2列4层/ [索取号:O13/G502] | 在馆 | |
| 3 | 573483 | 205734838 | 自科二线504/504自科库 35排2列4层/ [索取号:O13/G502] | 在馆 |